| 000 | 00641nam a2200229 a 4500 | ||
|---|---|---|---|
| 001 | 73252 | ||
| 003 | BD-RjUL | ||
| 005 | 20211209082352.0 | ||
| 008 | 170529s1955 enka 001 0 eng d | ||
| 035 | _a(BD-RjUL) 73470 | ||
| 035 | _a507325 | ||
| 040 |
_aANL _beng _cANL _dBD-RjUL |
||
| 041 | _aeng | ||
| 082 |
_223 _a629.2222 _bHAC 1955 |
||
| 100 | 1 |
_aHawks, Ellison _9216659 |
|
| 245 | 1 | 4 |
_aThe Cassell book of the Ford "Popular" / _cEllison Hawks |
| 260 |
_aLondon : _bCassell, _cc1955. |
||
| 300 |
_b128 p. : _aill. ; _c22 cm. |
||
| 500 | _aIncludes Index. | ||
| 650 | 0 |
_aAutomobiles _xHandbooks, manuals, etc. _9216674 |
|
| 942 |
_2ddc _cBK |
||
| 999 |
_c73252 _d73252 |
||